Style in journalism / (Record no. 63678)

MARC details
000 -LEADER
fixed length control field 00913nam a22002537a 4500
005 - DATE AND TIME OF LATEST TRANSACTION
control field 20120302132927.0
008 - FIXED-LENGTH DATA ELEMENTS--GENERAL INFORMATION
fixed length control field 120302t xxu||||| |||| 00| 0 eng d
020 ## - INTERNATIONAL STANDARD BOOK NUMBER
International Standard Book Number 8125010351
Terms of availability 135.00
035 ## - SYSTEM CONTROL NUMBER
System control number A-947617
037 ## - SOURCE OF ACQUISITION
Source of stock number/acquisition DBAD/PUB
040 ## - CATALOGING SOURCE
Original cataloging agency DPL
Language of cataloging ENG
082 04 - DEWEY DECIMAL CLASSIFICATION NUMBER
Classification number 070.4
100 1# - MAIN ENTRY--PERSONAL NAME
Personal name Narasimha Rao, P.V.L.
9 (RLIN) 38049
Dates associated with a name 1931-
245 10 - TITLE STATEMENT
Title Style in journalism /
Statement of responsibility, etc by P.V.L. Narasimha Rao
260 ## - PUBLICATION, DISTRIBUTION, ETC. (IMPRINT)
Place of publication, distribution, etc Hyderabad
Name of publisher, distributor, etc Orient Longman
Date of publication, distribution, etc 1998
270 ## - ADDRESS
City New Delhi
Postal code 110002
300 ## - PHYSICAL DESCRIPTION
Extent x, 178p.
Dimensions 18 cms.
500 ## - GENERAL NOTE
General note Includes bibliographical references and index.
520 ## - SUMMARY, ETC.
Summary, etc Study conducted in Bhopal, India.
650 #0 - SUBJECT ADDED ENTRY--TOPICAL TERM
Topical term or geographic name as entry element Jounalism
9 (RLIN) 38050
Geographic subdivision India
General subdivision Style manuals
942 ## - ADDED ENTRY ELEMENTS (KOHA)
Source of classification or shelving scheme Dewey Decimal Classification
Item type English Books
Classification part 070.4
Call number suffix NAR
Holdings
Withdrawn status Lost status Source of classification or shelving scheme Damaged status Not for loan Collection code Home library Current library Shelving location Date acquired Cost, normal purchase price Total Checkouts Full call number Barcode Date last seen Cost, replacement price Koha item type
    Dewey Decimal Classification     Non-fiction Sarojini Nagar Sarojini Nagar General Stacks 02/03/2012 135.00   070.4 NAR A-947617 02/03/2012 135.00 English Books

© Delhi Public Library
Hit Counter
free hit counter